000 01272cam a2200337 a 4500
999 _c7925
_d7925
001 15989459
003 OSt
005 20200117113824.0
008 091119s2011 nyua b 001 0 eng
010 _a 2009048209
020 _a9781259004650
020 _a1259004651
035 _a(OCoLC)ocn468233006
040 _aDLC
_cDLC
_dC#P
_dBWX
_dYDXCP
_dDLC
050 0 0 _aHG4026
_b.B667 2011
082 0 0 _a658.15
_222
_bBRE/P
100 _a Brealey, Richard A
_91228
245 1 0 _aPrinciples of corporate finance /
_cRichard A. Brealey, Stewart C. Myers, Franklin Allen.
250 _a10th ed.
260 _aNew Delhi :
_bMcGraw-Hill,
_cc2012.
300 _a1002p :
_bcol. ill. ;
_c27 cm.
490 1 _aThe McGraw-Hill/Irwin series in finance, insurance, and real estate
504 _aIncludes bibliographical references and index.
650 0 _aCorporations
_xFinance.
700 1 _aMyers, Stewart C.
_91243
700 1 _aAllen, Franklin,
_d1956-
_91244
830 0 _aMcGraw-Hill/Irwin series in finance, insurance, and real estate.
906 _a7
_bcbc
_corignew
_d1
_eecip
_f20
_gy-gencatlg
942 _2ddc
_cBK
_h658.15
_iBRE/P
_k658.15
_mBRE/P